Manual de seguridad contra atentados y secuestros /

Obra que señala las precauciones y cuidados que debe tener toda persona para autoprotegerse contra posibles atentados y secuestos.

Guardado en:
書目詳細資料
主要作者: Mota, Ignacio H. de la (autor)
格式: 圖書
語言:西班牙语
出版: México : Limusa, 1996, c1996
主題:
標簽: 添加標簽
沒有標簽, 成為第一個標記此記錄!

MARC

LEADER 00000nam^a2200000^a^4500
001 000091404
005 20250521000000.0
009 20260310092648.043
020 |a 968-18-4553-6 
037 |a Acervo ITESO - Biblioteca 
041 |a ESP 
082 |a 364. 43  |b MOT 
100 |a Mota, Ignacio H. de la  |e (autor) 
245 1 0 |a Manual de seguridad contra atentados y secuestros /  |c I.H. de la Mota. 
264 4 |a México :  |b Limusa,  |c 1996, c1996 
300 |a 141 p. 
336 |a texto  |b txt  |2 rdacontenido 
337 |a sin mediación  |b n  |2 rdamedio 
338 |a volumen  |b nc  |2 rdasoporte 
520 |a Obra que señala las precauciones y cuidados que debe tener toda persona para autoprotegerse contra posibles atentados y secuestos. 
649 |a XX 
650 |a Delitos -  |x Prevención 
650 |a Delitos contra la Persona 
650 |a Lesiones y Agresión 
650 |a Asesinato 
650 |a Secuestros 
650 |a Seguridad Pública 
650 |a Criminología 
910 |a Fondo General 
920 |a Impresos - Libros 
930 |a Colección General 
905 |a 101 
901 |a 0500026108  |b IT1  |c ACC  |u 20250521 
902 |a https://opac.biblio.iteso.mx/vufind/Record/000091404